Finalrunde der UEFA Champions League 2024-2025. - Statistiken

Allgemein
  • Dieses Quiz wurde 114 mal gespielt
  • Das Durchschnittsergebnis liegt bei 18 aus 24
Antwortstatistiken
Anwort % Korrekt
FC Bayern München
100%
FC Barcelona
99%
Real Madrid
99%
Inter Mailand
99%
Borussia Dortmund
98%
Paris SG
97%
FC Liverpool
91%
Bayer 04 Leverkusen
91%
FC Arsenal
89%
Manchester City
89%
Atlético de Madrid
80%
PSV Eindhoven
75%
Benfica Lissabon
72%
AC Mailand
72%
Juventus Turin
70%
Sporting Lissabon
66%
Aston Villa
61%
Celtic Glasgow
57%
Feyenoord Rotterdam
57%
AS Monaco
51%
FC Brügge
46%
OSC Lille
46%
Stade Brest
42%
Atalanta Bergamo
42%
Keine übereinstimmenden Quizze gefunden
Verteilung der Resultate
Anzahl Personen mit jedem Resultat
Perzentil nach korrekt beantworteten Fragen
Ihre Resultats-Entwicklung
Sie haben dieses Quiz noch nicht gespielt